Kanthamalacharitham-yudhakandam (കാന്തമലചരിതം-യുദ്ധകാണ്ഡം) (Record no. 114497)

MARC details
000 -LEADER
fixed length control field 00486 a2200157 4500
005 - DATE AND TIME OF LATEST TRANSACTION
control field 20260417132019.0
008 - FIXED-LENGTH DATA ELEMENTS--GENERAL INFORMATION
fixed length control field 251110b |||||||| |||| 00| 0 eng d
020 ## - INTERNATIONAL STANDARD BOOK NUMBER
International Standard Book Number 9789390165865
080 ## - UNIVERSAL DECIMAL CLASSIFICATION NUMBER
Universal Decimal Classification number FM
Item number VIS/KA
100 ## - MAIN ENTRY--PERSONAL NAME
Personal name Vishnu, M. C.
245 ## - TITLE STATEMENT
Title Kanthamalacharitham-yudhakandam (കാന്തമലചരിതം-യുദ്ധകാണ്ഡം)
260 ## - PUBLICATION, DISTRIBUTION, ETC. (IMPRINT)
Name of publisher, distributor, etc Logos books
Place of publication, distribution, etc Palakad
Date of publication, distribution, etc 2024
300 ## - PHYSICAL DESCRIPTION
Extent 374p.
653 ## - INDEX TERM--UNCONTROLLED
Uncontrolled term Fiction - Novel - Malayalam Literature
942 ## - ADDED ENTRY ELEMENTS (KOHA)
item type Books
Holdings
Lost status Source of classification or shelving scheme Not for loan Home library Current library Shelving location Date acquired Cost, normal purchase price Total Checkouts Full call number Barcode Date last seen Cost, replacement price Price effective from Koha item type
  Universal Decimal Classification Not For Loan University Library University Library On Display 28/02/2025 366.69   FM VIS/KA 00096881 28/02/2025 550.00 28/02/2025 Books
University Library, CUSAT